Statistics for African Geography by Letter - F

Click here to take the quiz!

General Stats

  • This quiz has been taken 170 times
    (69 since last reset)
  • The average score is 13 of 20

Answer Stats

HintAnswer% Correct
Word that follows "Burkina"Faso
98%
Official language of 22 countriesFrench
98%
Pink bird residing on the east coastFlamingo
95%
Moroccan city with 3 tanneriesFes
89%
Capital of Sierra LeoneFreetown
88%
Official name of Nigeria{Federal} Republic
of Nigeria
86%
85% of Gabon's land is covered by
this - the highest % in Africa
Forest
86%
Second city of Botswana
(hint: the current pope)
{Francis}town
84%
Gabon's biggest inland city
(hint: think of the above)
{France}ville
82%
Benin's main ethnic group
(hint: word that follows cell / mobile)
Fon
79%
Equatorial Guinean ethnic group
or a long, pointed tooth
Fang
73%
Cape Town overlooks this bay
(hint: incorrect)
False Bay
61%
Egypt was part of this historical region{Fertile} Crescent
59%
Second biggest Canary island{Fuerte}ventura
50%
National animal of AlgeriaFennec Fox
46%
Darfur's main ethnic groupFur
38%
Major ethnic group dispersed
across West Africa
Fula
25%
South African provinceFree State
21%
River with Africa's deepest canyonFish River
11%
Type of West African porridgeFufu
11%

Score Distribution

Percentile by Number Answered

Percent of People with Each Score

Your Score History

You have not taken this quiz since the last reset